Da semente ao pão (Record no. 45277)

MARC details
000 -Etiqueta do registo
Valores 00515cam a2200193 4500
100 ## - Dados gerais de processamento
Dados gerais 19930612d1981 m y0pory5003 ba
101 0# - Língua de publicação
Língua por
102 ## - País de publicação
País PT
200 1# - Titulo e menção de responsabilidade
Título próprio Da semente ao pão
Primeira menção de responsabilidade José Vultos Sequeira
Outras menções de responsabilidade il. Manuel José Lopes
210 ## - Publicação
Local de publicação [Lisboa]
Nome do editor Caminho,
Data de publicação imp. 1981
215 ## - Descrição física 
Paginação / Volumes 23 p.
Outras indicações físicas il.
675 ## - CDU
Notação 82-93
675 ## - CDU
Notação 087.5
Edição BN
Língua por
700 #1 - Autor principal
Apelido Sequeira,
Nome José Vultos,
Datas 1945-
702 #1 - Autor secundário
Apelido Lopes,
Nome José Manuel,
Datas 1950-
Função 440
801 #0 - Fonte de origem
País PT
Agência BN
Regras de catalogação RPC
990 ## - Elementos KOHA
Tipo de documento Livro
Holdings
Aquisição Empréstimo Código de barras Cota Permissão de empréstimo Tipo de documento
Biblioteca Municipal de Redondo Biblioteca Municipal de Redondo 055999 82-93 SEQ   Livro

Powered by Koha